| 000 | 00497nam a22001577a 4500 | ||
|---|---|---|---|
| 008 | 161124b xxu||||| |||| 00| 0 eng d | ||
| 020 | _a0-7607-5257-5 | ||
| 082 |
_22003 _aDRef 030 _bF23 |
||
| 100 |
_917839 _aFarndon, John |
||
| 245 |
_a4000 things you should know/ _cJohn Farndon. |
||
| 260 |
_aNew York: _bBarnes & Noble Books, _cc2003. |
||
| 300 |
_a256 pages: _bcolor illustrations; _c21 cm. |
||
| 500 | _aIncludes index. | ||
| 650 | 0 |
_917840 _aCuriosities and wonders |
|
| 942 |
_2ddc _cDREF |
||
| 999 |
_c5884 _d5884 |
||